Online Catalogue and eLibrary

Adirajyavadeye arambaya (Record no. 2341)

MARC details
000 -LEADER
fixed length control field 00364nam a2200145Ia 4500
005 - DATE AND TIME OF LATEST TRANSACTION
control field 20250612031907.0
008 - FIXED-LENGTH DATA ELEMENTS--GENERAL INFORMATION
fixed length control field 240331s9999 xx 000 0 und d
082 ## - DDC Classification
Item Number - Author Mark GRE
Class No. 321
100 ## - MAIN ENTRY--PERSONAL NAME
Personal name Green, F
245 #0 - TITLE STATEMENT
Title Adirajyavadeye arambaya
260 ## - PUBLICATION, DISTRIBUTION, ETC.
Place of publication, distribution, etc. Sri Lanaka
Name of publisher, distributor, etc. Jana publication
Date of publication, distribution, etc. 1984
300 ## - PHYSICAL DESCRIPTION
Extent (e.g. Volumes, Pages etc.) 64 p .,
500 ## - GENERAL NOTE
General note The beginning of imperialism
942 ## - Koha item type (Biblio)
Koha item type Books in Stacks (Lending)
Holdings
Lost status Damaged status Collection code Home library Current library Shelving location Date acquired Full call number Accession Number Item type
    Lending WERC Library WERC Library Social Science Cupboard 03/31/2024 321 GRE 3355 Books in Stacks (Lending)

© WERC Library